000
00198 a2200097 4500
001
13721
100
_a
Coxhead, E
245
_a
Lody Gregory
260
_a
London
_b
Macmillan
_c
090
_c
10716
_d
10716
942
_a
NUST-CAE
_c
M
_c
799
999
_c
248794
_d
248794